00656nam a2200241 a 4500001001300000003000900013005001700022008004100039020001000080082001700090100001700107245001900124260003000143300000900173500003500182505001000217650002300227700001700250902000800267942000700275952011700282999001500399nice12345678IN_TiNIC20260116012230.0050524s1956 lona grp 000 0 eng  ac10000a297.409bMAY aMayne, Peter aSaints of Sind aLondonbJohn Murrayc1956 a200p aincludes index and biblioraphy2 aIndex aSufism-Hagiography1 aMayne, Peter bSRS cBK 001040708StackRoom-aHMIbHMId2013-05-23g100.00l0o297.409 MAYp09382r2013-05-23v100.00w2005-05-24yBK c6187d6187